UM Logo

Saunders Q & A review for NCLEX-RN / (Record no. 7951)

MARC details
000 -LEADER
fixed length control field 01239nam a2200217 4500
008 - FIXED-LENGTH DATA ELEMENTS--GENERAL INFORMATION
fixed length control field 171207b xxu||||| |||| 00| 0 eng d
020 ## - INTERNATIONAL STANDARD BOOK NUMBER
International Standard Book Number 9811259096
082 ## - DEWEY DECIMAL CLASSIFICATION NUMBER
Edition number 2004
Classification number DC 610.730
Item number Si3s
100 ## - MAIN ENTRY--PERSONAL NAME
9 (RLIN) 24442
Personal name Silvestri, Linda Anne,author.
245 ## - TITLE STATEMENT
Title Saunders Q & A review for NCLEX-RN /
Statement of responsibility, etc. Linda Anne Silvestri.
250 ## - EDITION STATEMENT
Edition statement Second edition.
260 ## - PUBLICATION, DISTRIBUTION, ETC. (IMPRINT)
Place of publication, distribution, etc. Philadelphia :
Name of publisher, distributor, etc. W.B. Saunders,
Date of publication, distribution, etc. ©2002.
300 ## - PHYSICAL DESCRIPTION
Extent xvii, 941 pages ;
Dimensions 28 cm +
Accompanying material 1 computer optical disc (4 3/4 in.).
500 ## - GENERAL NOTE
General note Includes bibliographical references.
505 ## - FORMATTED CONTENTS NOTE
Formatted contents note NCLEX-RN preparation -- NCLEX-RN -- Profiles to success -- NCLEX-RN examination : from a student's perspective -- Test-taking strategies -- Client needs -- Client needs and the NCLEX-RN Test Plan -- Safe, effective care environment -- Physiological integrity -- Psychosocial integrity -- Health promotion and maintenance -- Integrated concepts and processes -- Integrated concepts and processes and the NCLEX-RN test plan -- Integrated concepts and processes -- Comprehensive test.
650 #0 - SUBJECT ADDED ENTRY--TOPICAL TERM
9 (RLIN) 24443
Topical term or geographic name as entry element Nursing
General subdivision Examinations, questions, etc.
650 #0 - SUBJECT ADDED ENTRY--TOPICAL TERM
9 (RLIN) 24446
Topical term or geographic name as entry element Nursing, Practical.
650 #0 - SUBJECT ADDED ENTRY--TOPICAL TERM
9 (RLIN) 24445
Topical term or geographic name as entry element Nursing
General subdivision Outlines, syllabi, etc.
365 ## - TRADE PRICE
Price amount 798
Currency code Php
942 ## - ADDED ENTRY ELEMENTS (KOHA)
Source of classification or shelving scheme Dewey Decimal Classification
Koha item type Circulation
Holdings
Withdrawn status Lost status Source of classification or shelving scheme Damaged status Not for loan Collection code Home library Current library Date acquired Source of acquisition Total Checkouts Full call number Barcode Date last seen Copy number Price effective from Koha item type
    Dewey Decimal Classification     Circulation UM Digos College - LIC UM Digos College - LIC 02/27/2006 Purchased   DC 610.730 Si3s 2004 18447 05/15/2025 2 12/07/2017 Circulation
    Dewey Decimal Classification     Circulation UM Digos College - LIC UM Digos College - LIC 02/27/2006 Purchased   DC 610.730 Si3s 2004 18446 05/15/2025 1 12/07/2017 Circulation